00750nam a2200253 a 4500001001300000003000900013005001700022008004100039020002600080082001300106100002500119245004000144260004500184300000800229500003500237505001700272650002800289650003000317700002500347902000800372942000700380952009400387999001500481nice12345678IN_TiNIC20260116012321.0050524s1989 dela grp 000 0 eng  a8185574 c394.9400a261bPAN aPannenberg, Wolfhart aChristianity in a Secularized World aDelhibIntercultural Publications c1989 a62p aincludes index and biblioraphy2 aBibliography aSecularization-Theology aChristianity-20th Century1 aPannenberg, Wolfhart bSRS cBK 00104070aHMIbHMId2012-02-06g394.94l0o261 PANp014924r2012-02-06w2026-01-16yEB c6527d6527